| 000 | 00668nam a22001937a 4500 | ||
|---|---|---|---|
| 999 |
_c1453 _d1453 |
||
| 003 | AR-CdUCM | ||
| 008 | 190227b ||||| |||| 00| 0 spa d | ||
| 040 |
_aMUNICIPALIDAD PROVINCIAL DEL CUSCO _cBIBLIOTECA MUNICIPAL DEL CUSCO |
||
| 082 |
_a928.61 / _bIN59 |
||
| 110 |
_aGrupo Cusqueñista Inca Garcilazo _95502 |
||
| 245 |
_aUn insigne cusqueño : _b(homenaje al Dr. Alfredo Yépez Miranda) / |
||
| 260 |
_aCusco : _bGrupo Cusqueñista Inca Garcilazo, _c1973. |
||
| 300 |
_a89 páginas ; _c2o cm. |
||
| 650 |
_aAlfredo Yépez Miranda _95503 |
||
| 650 |
_aCusqueñistas _95504 |
||
| 650 |
_aAutores cusqueños _95505 |
||
| 942 |
_2ddc _cLIBROS |
||
| 945 |
_araen _d2019-02-27 |
||